[Event "EU-Cup 12th final"]
[Site "Budapest"]
[Date "1996.11.23"]
[Round "3"]
[White "Minasian, Artashes"]
[Black "Sherzer, Alex"]
[Result "0-1"]
[WhiteElo "2540"]
[BlackElo "2490"]
[PlyCount "106"]
[EventDate "1996.11.21"]
[EventType "team-k.o."]
[EventRounds "4"]
[EventCountry "HUN"]
[SourceTitle "EXT 2020"]
[Source "ChessBase"]
[SourceDate "2019.10.17"]
[SourceVersion "1"]
[SourceVersionDate "2019.10.17"]
[SourceQuality "1"]
[WhiteTeam "Yerevan"]
[BlackTeam "Zalaegerszegi Csuti Antal SK"]
[WhiteTeamCountry "ARM"]
[BlackTeamCountry "HUN"]

1. e4 e5 2. Nf3 Nc6 3. d4 exd4 4. Nxd4 Bc5 5. Nxc6 Qf6 6. Qd2 Qxc6 7. Nc3 Nf6 8. Bb5 Qe6 9. 0-0 0-0 10. Qd3 d6 11. Bg5 c6 12. Bc4 Qe5 13. Bh4 b5 14. Bb3 a5 15. a3 Ba6 16. Bg3 Qe7 17. e5 dxe5 18. Ne4 a4 19. Bh4 axb3 20. Qf3 Bc8 21. h3 Ra4 22. Nxf6+ gxf6 23. Bxf6 Qd6 24. cxb3 Rf4 25. Qg3+ Rg4 26. Bxe5 Rxg3 27. Bxd6 Rxg2+ 28. Kxg2 Bxd6 29. Rac1 Be6 30. Rfd1 Bd5+ 31. Kf1 Be5 32. Rc5 Bxb2 33. a4 b4 34. a5 Ra8 35. Ke2 Bc3 36. Rdxd5 cxd5 37. Rxd5 Kf8 38. Kd3 Ke7 39. Kc4 Ke6 40. Rh5 Rc8+ 41. Kb5 Be1 42. f4 Bd2 43. f5+ Kf6 44. Rxh7 Rc3 45. Ka4 Rf3 46. Rh5 Rxf5 47. Rxf5+ Kxf5 48. a6 Be3 49. Kxb4 Ke5 50. Kc4 f5 51. Kd3 f4 52. h4 Bb6 53. Ke2 Ke4 0-1